Dr. BABASAHEB AMBEDKAR WRITINGS AND SPEECHES/ (Record no. 205742)
[ view plain ]
| 000 -LEADER | |
|---|---|
| fixed length control field | 00997nam a22002537a 4500 |
| 005 - DATE AND TIME OF LATEST TRANSACTION | |
| control field | 20240910114435.0 |
| 010 ## - LCCN (DPL NO) | |
| LC control number | ENG-141707 |
| 020 ## - INTERNATIONAL STANDARD BOOK NUMBER | |
| Terms of availability | 110.00 |
| 035 ## - SYSTEM CONTROL NUMBER | |
| System control number | EN-125239 |
| 037 ## - SOURCE OF ACQUISITION | |
| Source of stock number/acquisition | DBAD |
| 082 ## - DEWEY DECIMAL CLASSIFICATION NUMBER | |
| Classification number | 954.040924 |
| 100 ## - MAIN ENTRY--PERSONAL NAME | |
| Personal name | Ambedkar, B.R. |
| 245 ## - TITLE STATEMENT | |
| Title | Dr. BABASAHEB AMBEDKAR WRITINGS AND SPEECHES/ |
| Statement of responsibility, etc | By B.R.Ambedkar; Comp.by Vasant moon; Edited by Hari Narake |
| 250 ## - EDITION STATEMENT | |
| Edition statement | 2 |
| 260 ## - PUBLICATION, DISTRIBUTION, ETC. (IMPRINT) | |
| Place of publication, distribution, etc | Mumbai |
| Name of publisher, distributor, etc | Member of Secretary, Dr. Ambedkar, Mahatma Phile, Rajarshi Shahu Source Material Publication Commitee, Government of Maharastra |
| Date of publication, distribution, etc | 2005 |
| 270 ## - ADDRESS | |
| Address | Barrack No. 18, Opp Mantralaya |
| City | Mumbai |
| Postal code | 400021 |
| 300 ## - PHYSICAL DESCRIPTION | |
| Extent | 803p.: |
| Other physical details | 25cm(hb) |
| 490 ## - SERIES STATEMENT | |
| Volume number/sequential designation | Vol 2 |
| 500 ## - GENERAL NOTE | |
| General note | Vol-2,Dr.Ambedkar in Bombay Legislative,Dr. Ambedkar with Simon Commission,Dr. Ambedkar at the Round Table Confernce.<br/><br/> |
| 505 ## - FORMATTED CONTENTS NOTE | |
| Formatted contents note | Bibliography,Index |
| 700 ## - ADDED ENTRY--PERSONAL NAME | |
| Personal name | Vasant Moon |
| Relator term | Compiled |
| 9 (RLIN) | 71374 |
| 700 ## - ADDED ENTRY--PERSONAL NAME | |
| Personal name | Hari Narake |
| Relator term | Editor |
| 9 (RLIN) | 71375 |
| 942 ## - ADDED ENTRY ELEMENTS (KOHA) | |
| Source of classification or shelving scheme | Dewey Decimal Classification |
| Item type | English Books |
| Call number suffix | BAB |
| Classification part | 954.040924 |
| Withdrawn status | Lost status | Materials specified (bound volume or other part) | Not for loan | Collection code | Home library | Current library | Date acquired | Source of acquisition | Cost, normal purchase price | Full call number | Barcode | Copy number | Cost, replacement price | Koha item type |
|---|---|---|---|---|---|---|---|---|---|---|---|---|---|---|
| VOL-2 | Non-fiction | Bawana | Bawana | 10/09/2024 | DBAD | 110.00 | 954.040924 BAB | EN-125239 | 1 | 110.00 | English Books |
